MDQL
is popping MORE tags! Check the
thread
!
Quizzes
Events
Quiz Creation
Community
Videos
Private Events
Remove Ads
Sign In
Join for FREE
Feedback
Dark Mode
Quiz Categories
Sports
Geography
Music
Movies
Television
Just For Fun
Miscellaneous
History
Literature
Language
Science
Gaming
Entertainment
Religion
Holiday
For Kids
Quiz Lab
Recent
Popular Today
Quiz Kudos Today
Editor Picks
Curator Picks
Quizzes by...
Day
Popularity
Type
Ratings
Length
Year
Community
Subscriptions
Recent Discussions
Orange Saloon
Badges
Playlists
Quests
Create
Leaderboards
Showdown
Live 5
Trivia Bingo
Activity
Puzzle Library
Sporcle Events
Private Events
Virtual Trivia
Globe League
Become a Host
Pub Owners
SporcleCon
Opinionation
Our Games
Videos
Blog
Mobile Apps
Partnerships
Remove Ads and Go Orange
Feedback
Music
Pop Music
The Beatles
Song
Album
Lyrics
Bands
Singers
Artist
Clip
Rock
Rap
Classical
Billboard
Country Music
Kpop
Taylor Swift
Music
Pop Music
The Beatles
Song
Album
Lyrics
Bands
Singers
Artist
Clip
Rock
Rap
Classical
Billboard
Country Music
Kpop
Taylor Swift
Random Quiz
Search Sporcle
×
Quiz Lab
Quiz Lab
Music
Color
Type in answers that appear in a list
Type in answers that appear in a list
Classic
Best Score? Go Orange.
Colors In Hard Rock Stats
Can you name the Colors In Hard Rock?
By
davigo1020
8m
27 Questions
100 Plays
100 Plays
100 Plays
Comments
Comments
Give Quiz Kudos
Give Quiz Kudos
-
- Ratings
hide this ad
Replay
Link that replays current quiz
Next Quiz
Link to next quiz in quiz playlist
You Got
0%
They Got
Avg Score
21%
Avg Friend Score
Upgrade to see
Score Distribution
Jump to the score distribution portion of the page
Score
0/27
Timer
08:00
0
Plays Today
Band
Song
% Correct
Cream
White Room
68%
Jimi Hendrix
Purple Haze
68%
Van Morrison
Brown-Eyed Girl
53%
Led Zeppelin
Black Dog
51%
Jefferson Airplane
White Rabbit
44%
Santana
Black Magic Woman
44%
Moody Blues
Nights In White Satin
37%
Creedence Clearwater Revival
Green River
35%
Bob Dylan
Tangled Up In Blue
26%
The Who
Behind Blue Eyes
24%
The Rolling Stones
Brown Sugar
20%
Outlaws
Green Grass & High Tides
19%
Doobie Brothers
Black Water
17%
Rush
Red Barchetta
16%
Band
Song
% Correct
Styx
Blue Collar Man
12%
The Hollies
Long Cool Woman In A Black Dress
10%
Badfinger
Baby Blue
7%
Bruce Springsteen
Pink Cadillac
7%
Crosby, Stills & Nash
Suite Judy Blue Eyes
7%
The Beatles
Blue Jay Way
5%
Pink Floyd
Green Is The Colour
4%
Queen
White Man
1%
Scorpions
Yellow Raven
1%
Bob Seger
White Wall
0%
Brian May
Nothin' But Blue
0%
Rainbow
Lights In The Black
0%
Thin Lizzy
Shades Of A Blue Orphanage
0%
Quiz Playlist
Details
Report
Send in Message
Add To Playlist
Classic:
Type in answers that appear in a list
Last Updated: Feb 16, 2017
Quiz Scoreboard
CHALLENGE
Sign Up to Join the Scoreboard
Show All
Scores
Hide
Comments
May contain spoilers
Recently Published
1-10 Letter E Words III
by El_Dandy
Language
2m
Street Fighter Characters
by Artimus82
Gaming
60s
College Basketball Coaching Resumes
by pancakes188
Sports
9m
More to Explore
Quiz From the Vault
Featured Blog Post
Where Did the Easter Bunny Come From?
hide this ad
You Might Also Like...
Tags
Bands Quiz
Color Quiz
Rock Quiz
Song Quiz
hard
Today's Top Quizzes in Music
Browse Music
hide this ad
Today's Top Quizzes in Color
Browse Color
Top Contributed Quizzes in Music
1
Taylor Swift All Songs (2024)
2
Taylor Swift Logic Puzzle
3
Guess the Artist- 70s Songs
4
7-to-1: Billboard Hot 100 #1 Hits of 2010s
5
Sorting Albums and Songs
6
KPOP LOGIC QUIZ
7
Billboard Blitz: Aretha Franklin
8
Guess the Taylor Swift song (Mystery Song)
9
Guess The Taylor Swift Lyrics Song #1
10
Billboard Blitz: ABBA
Explore More
Trending Topics
Marvel
Crossword
Anime
NBA
Kpop
Harry Potter
Disney
Pokémon
NFL
Soccer
Country
WWE
Song
Puzzle
The Office
hide this ad
More By:
davigo1020
Quiz
Plays
Rating
Category
Featured
Created
Austin Powers Quotes
1,754
4.33
Movies
Feb 1, 2010
the artists from A-Z by song clip
698
3.27
Music
Feb 1, 2010
TV Show character by clip
532
3.00
Television
Feb 1, 2010
impossible clip quiz 1
517
3.54
Music
Feb 2, 2010
The Beatles Past Masters album songs
407
3.83
Music
Jan 3, 2010
Go to Creator's Profile
Score Distribution
Quiz Creator Spotlight
davigo1020
Follow
Send a Message
Quizzes Created
-
Created Quiz Play Count
-
More By This Creator
Popular Quizzes Today
1
Find the US States - No Outlines Minefield
2
Find the Countries of Europe - No Outlines Minefield
3
The Countries of the World
4
Find the US States
5
Risky Map Clicking: Biggest States A-Z
6
US States
7
Popular People in 1961
8
Movies - When Are They Set?
More Music Quizzes
First Top Ten Singles in Order - Taylor Swift
Quiz Lab
Trending Quizzes
Risky Map Clicking: Least Populous States A-Z
1-10 Letter G Words
USA Borders Longest to Shortest
1-10 Letter F Words
Countries of the World: 200 Million BC
Recently Updated
Leaping Animals
pecheneg
Reality TV Shows (A-Z)
bhenderson79
Rickey Henderson's Hall of Fame Teammates
pecheneg
Champions League XIs: Arsenal
pecheneg
Quick Pick: Celebrities in WWE's Hall of Fame
aduchscher
A-Z Keypad Blitz II
pecheneg
Multiple Oscar Actors
pecheneg
Mystery Phrase Blitz: Oscar 'Best Actors'
pecheneg
F. Scott Fitzgerald Novels
LTH
Pick 3 Villains
ddd62291
Trending Topics
NBA
Kpop
Marvel
Anime
Harry Potter
Disney
Crossword
Soccer
Puzzle
Country
The Office
Pokémon
WWE
Song
NFL
Your Account Isn't Verified!
In order to create a playlist on Sporcle, you need to verify the email address you used during registration. Go to your
Sporcle Settings
to finish the process.
Report this User
Report this user for behavior that violates our
Community Guidelines
.
Details:
Send Report
Go to the Sporcle.com Mobile Site →
Comments